000 00672nam a2200241Ia 4500
003 OSt
005 20221005040325.0
006 a|||||r|||| 00| 0
007 ta
008 221004b |||||||| |||| 00| 0 eng d
024 _a28702
037 _cTextual
040 _aCRL
_cCRL
_beng
041 _2eng
_aeng
082 _aO15vM, 111 M1
100 _aWinternitz Maurice Au.
_9588983
245 0 _aHistory of Indian Literature
260 _aDelhi
_bMotilal Banarsidass India
_c1981
300 _a602p.
_ccm.
650 _aLITERATURE HISTORY
_9588984
942 _hO15vM, 111 M1
_cTEXL
_2cc
999 _c946707
_d946707